Jugadores España #1 - Estadísticas

Estadísticas generales
  • Esta prueba ha sido intentada 143 veces
  • La puntuación promedio es 18 de 20
Estadísticas de respuestas
Imagen Respuesta % Correcto
Lamine Yamal
100%
Nico Williams
100%
Carvajal
99%
Isco
99%
Alvaro Morata
98%
Pedri
98%
Rodri
97%
Jesus Navas
96%
Marco Asensio
94%
Oyarzabal
94%
Iago Aspas
91%
Laporte
91%
Marcos Llorente
91%
David Raya
87%
Fabian
86%
Grimaldo
80%
Isi
78%
Gerard Moreno
76%
Parejo
69%
Portu
46%
No se encontraron pruebas coincidentes
Distribución de puntuación
Porcentaje de gente con cada puntuación
Porcentaje por número respondido
Historial de tus puntuaciones
No has intentado esta prueba.